Регионална библиотека "Любен Каравелов" - Русе

Свещени места [DVD] (Запис номер 219796)

MARC детайли
000 -Лидер
Контролно поле с фиксирана дължина 00731ngm a2200289 c 4500
003 - Код на организацията, давaща контролен номер
Контролно поле BLK
005 - Дата и час на последна редакция
Контролно поле 20240529085834.0
008 - Елементи от данни с фиксирана дължина
fixed length control field 180410b bul||n||s|||||||| n|bulo|
010 ## - Наследен системен номер
LC control number CDD00002219000
040 ## - Източник на каталожния запис
Идентификатор на билиотеката - собственик на записа BLK
041 ## - Код за език
Код за езика на текст/звукозапис или на отделно заглавие Български
Код за езика КДБФ Български
139 ## - Редно поле
Редна дума Свещени места [DVD]
Авторски знак Све - С 25
245 10 - Сведения за заглавието
Заглавие Свещени места [DVD]
257 ## - Страна на издаване
Страна на създаване/издаване България
260 ## - Област на издателските данни
Година на издаване 2006
380 ## - Жанр
Жанр Общ отдел
490 1# - СЕРИИ (Колекции)
Име на серия Тайни и загадки
№: серия 6
590 ## - Забележки на библиотеката, притежаваща документа (RLIN)
Служебно S.N: 69922 от КНИГИ
852 ## - Местоположение
Форматна сигнатура Цб CD 4787
Част 0
856 4# - Електронен адрес и достъп
Електронен формат pdf - файл
Път до файла /url/
856 4# - Електронен адрес и достъп
Електронен формат pdf - файл
Път до файла /url/
942 ## - АРТИКУЛИ
Вид на библиотечния материал Компактдискове
Скрит в OPAC Не
Периодичен библиозапис Да
944 ## - СЪЗДАВАНЕ И РЕДАКЦИЯ на ЗАПИСА
Създаване/Редакция Създаване
Дата на регистрацията/редакция 08.12.2006
Служител, извършил регистрацията/редакцията 30545
Статус, дата на статуса Нора Радева
944 ## - СЪЗДАВАНЕ И РЕДАКЦИЯ на ЗАПИСА
Създаване/Редакция Редакция
Дата на регистрацията/редакция 29.06.2011
999 ## - СИСТЕМНИ КОНТРОЛНИ НОМЕРА
Koha biblionumber 219796
Koha biblioitemnumber 219796
999 ## - СИСТЕМНИ КОНТРОЛНИ НОМЕРА
Koha biblioitemnumber 219796
999 ## - СИСТЕМНИ КОНТРОЛНИ НОМЕРА
Koha biblioitemnumber 219796
Наличности
Код за отписване Код за изгубен артикул Източник на класификационната схема Код за повреда Коз за рестрикции Код за отдаване Артикулен № Име на библиотеката - собственик Име на библиотеката, в която се намира в момента Статус (Текущо местоположение) Дата на вписване в системата Местоположение - отдел Цена в лева Инвентарен номер Систематично азбучна сигнатура Баркод Номер на екземпляра Цена в евро Служебна бележка Служебен тип на артикула
  Не е изгубен Universal Decimal Classification Не е повреден без рестрикции заемане за дома 391411 Регионална библиотека "Любен Каравелов" Русе Регионална библиотека "Любен Каравелов" Русе Отдел Изкуство - подръчен фонд 2006-12-08 Отдел Изкуство - подръчен фонд 4.90 250000001920 791.229/С 25 250000001920 1 2.51 Дост: Pk Вид: Ф N: 731 Дата: 04.12.2006 Компактдискове
  Не е изгубен Universal Decimal Classification Не е повреден без рестрикции заемане за дома 391412 Регионална библиотека "Любен Каравелов" Русе Регионална библиотека "Любен Каравелов" Русе Отдел Изкуство - подръчен фонд 2011-06-29 Отдел Изкуство - подръчен фонд 4.90 250000004535 791.229/С 25 250000004535 2 2.51 Дост: DA Вид: А N: 10 Дата: 29.06.2011 Съставил: Валя_Йорданова Компактдискове
Vip Innovations Ltd, Rousse, Bulgaria 2025